Denuncian aumento encubierto en tarifas de buses
Guardado en:
| Format: | Texto |
|---|---|
| Fag: | |
| Tags: |
Tilføj Tag
Ingen Tags, Vær først til at tagge denne postø!
|
MARC
| LEADER | 00000 a a2200000 04500 | ||
|---|---|---|---|
| 001 | 1321 | ||
| 003 | |||
| 040 | |||
| 245 | |a Denuncian aumento encubierto en tarifas de buses | ||
| 650 | |a ECONOMIA | ||
| 650 | |a CORRUPCION | ||
| 650 | |a IMPUESTOS | ||
| 650 | |a COSTA RICA | ||
| 773 | |g número 2; páginas 6 | ||
| 999 | |c 30387 |d 30387 | ||
